The challenges of economic and institutional reforms in Africa / (Record no. 480)

MARC details
000 -LEADER
fixed length control field 01902cam a2200349 a 4500
001 - CONTROL NUMBER
control field 12581970
003 - CONTROL NUMBER IDENTIFIER
control field OSt
005 - DATE AND TIME OF LATEST TRANSACTION
control field 20230606083325.0
008 - FIXED-LENGTH DATA ELEMENTS--GENERAL INFORMATION
fixed length control field 011105s2002 enk b 001 0 eng
010 ## - LIBRARY OF CONGRESS CONTROL NUMBER
LC control number 2001097971
020 ## - INTERNATIONAL STANDARD BOOK NUMBER
International Standard Book Number 0754619885
035 ## - SYSTEM CONTROL NUMBER
System control number (DLC) 2001097971
040 ## - CATALOGING SOURCE
Original cataloging agency DLC
Transcribing agency DLC
Modifying agency DLC
042 ## - AUTHENTICATION CODE
Authentication code pcc
043 ## - GEOGRAPHIC AREA CODE
Geographic area code f------
050 00 - LIBRARY OF CONGRESS CALL NUMBER
Classification number HC800
Item number .S235 2002
082 ## - DEWEY DECIMAL CLASSIFICATION NUMBER
Classification number 338.996
Item number SAI
100 1# - MAIN ENTRY--PERSONAL NAME
Personal name Saitoti, George.
245 14 - TITLE STATEMENT
Title The challenges of economic and institutional reforms in Africa /
Statement of responsibility, etc. George Saitoti.
260 ## - PUBLICATION, DISTRIBUTION, ETC. (IMPRINT)
Place of publication, distribution, etc. Aldershot ;
-- Burlington, VT :
Name of publisher, distributor, etc. Ashgate,
Date of publication, distribution, etc. c2002.
300 ## - PHYSICAL DESCRIPTION
Extent xxi, 372 p. ;
Dimensions 23 cm.
440 #0 - SERIES STATEMENT/ADDED ENTRY--TITLE
Title Contemporary perspectives on developing societies
504 ## - BIBLIOGRAPHY, ETC. NOTE
Bibliography, etc Includes bibliographical references (p. 355-362) and index.
505 8# - FORMATTED CONTENTS NOTE
Formatted contents note Machine generated contents note: List of Tables -- Foreword -- Acknowledgements -- Acronyms -- 1 Introduction -- 2 Governments and Markets -- 3 Macroeconomic Strategies for Accelerated Growth -- 4 The War Against Poverty in Africa -- 5 The Role of Regional Integration in Economic Development -- 6 International Trade and Economic Growth -- 7 The Challenge of HIV/AIDS -- 8 Promoting the Private Sector -- 9 Investing in People -- 10 The Role of Foreign Aid in Development: Strategies -- to Avoid Dependence -- 11 Political and Institutional Reforms -- 12 Privatisation of State-Owned Enterprises -- 13 Improving Africa's Global Competitiveness -- 14 Peace and Development -- 15 Conclusion -- References -- Index.
651 #0 - SUBJECT ADDED ENTRY--GEOGRAPHIC NAME
Geographic name Africa
General subdivision Economic policy.
651 #0 - SUBJECT ADDED ENTRY--GEOGRAPHIC NAME
Geographic name Africa
General subdivision Politics and government.
651 #0 - SUBJECT ADDED ENTRY--GEOGRAPHIC NAME
Geographic name Africa
General subdivision Economic conditions
Chronological subdivision 1960-
856 41 - ELECTRONIC LOCATION AND ACCESS
Materials specified Table of contents
Uniform Resource Identifier <a href="http://www.loc.gov/catdir/toc/fy022/2001097971.html">http://www.loc.gov/catdir/toc/fy022/2001097971.html</a>
906 ## - LOCAL DATA ELEMENT F, LDF (RLIN)
a 7
b cbc
c orignew
d 2
e epcn
f 20
g y-gencatlg
942 ## - ADDED ENTRY ELEMENTS (KOHA)
Source of classification or shelving scheme Dewey Decimal Classification
Koha item type Books
Holdings
Withdrawn status Lost status Source of classification or shelving scheme Damaged status Not for loan Home library Current library Date acquired Total Checkouts Full call number Barcode Date last seen Price effective from Koha item type
    Dewey Decimal Classification     Bunge Tower Library Bunge Tower Library 06/06/2023   338.996 SAI 1000081 06/06/2023 06/06/2023 Books
LIBRARY OPENING HOURS

When the Parliament is sitting: 8.00a.m - 7.00p.m or until the house adjourns
Mondays and Fridays and when the House is on Recess:  8.00a.m - 5.00p.m
Closed on Weekends and Public Holidays

Online Public Access Catalog (OPAC)
Website: http://www.parliament.go.ke
Bunge Library: https://libraryir.parliament.go.ke
Contact: library@parliament.go.ke | Tel no: (254-2)2221291 or 2848000 Ext 5043